000 00738nam a2200277 i 4500
003 DO-SdBNP
005 20250424133040.0
007 ta
008 250424s1984 dr 000 0 spa d
040 _aDO-SdBNP
_bspa
_cBNPHU
_erda
041 _hspa
082 1 _axxx
_bM464
_222
100 _936431
245 1 0 _aMaximo Gómez Baez :
_binvanción y campaña de las villas 1875-1876
264 1 _aLa Habana, Cuba :
_bEditora Militar,
_c1984
300 _a119 páginas ;
_c23 cm.
336 _atexto
_btxt
_2rdacontent
337 _asin mediación
_bn
_2rdamedia
338 _avolumen
_bnc
_2rdacarrier
590 _aInventariado,2025/DG
600 _92405
650 _920254
650 _942125
910 _aDG
942 _2ddc
_cLBS1
999 _c58783
_d58783